Biblioteca "Ernesto Sabato"
Facultad de Derecho y Ciencias Sociales
Facultad de Lenguas
Universidad Nacional del Comahue

Language universals and linguistic typology : Sintax and morphology (Record no. 7512)

MARC details
000 -CABECERA
campo de control de longitud fija 00682cam a22002172a 4500
001 - NÚMERO DE CONTROL
campo de control 001674
003 - IDENTIFICADOR DEL NÚMERO DE CONTROL
campo de control AR-FADEU
008 - DATOS DE LONGITUD FIJA--INFORMACIÓN GENERAL
campo de control de longitud fija 311216n1981####xxu####################dd
020 ## - NÚMERO INTERNACIONAL ESTÁNDAR DEL LIBRO
Número Internacional Estándar del Libro 0-226-11436-8
092 ## - ASIGNACIÓN LOCAL DE SIGNATURA TOPOGRÁFICA DEWEY (OCLC)
Número de clasificación 417.9
Número de documento/Ítem C728l
Característica del encabezamiento MAESTRIA
100 ## - ENTRADA PRINCIPAL--NOMBRE DE PERSONA
Nombre de persona Comrie, Bernard
245 ## - MENCIÓN DE TÍTULO
Título Language universals and linguistic typology : Sintax and morphology
260 ## - PUBLICACIÓN, DISTRIBUCIÓN, ETC. (PIE DE IMPRENTA)
Lugar de publicación, distribución, etc. Chicago
260 ## - PUBLICACIÓN, DISTRIBUCIÓN, ETC. (PIE DE IMPRENTA)
Nombre del editor, distribuidor, etc. University of Chicago
260 ## - PUBLICACIÓN, DISTRIBUCIÓN, ETC. (PIE DE IMPRENTA)
Fecha de publicación, distribución, etc. 1981
300 ## - DESCRIPCIÓN FÍSICA
Extensión 252 p
500 ## - NOTA GENERAL
Nota general Includes: Map of languages cited, references, indexes of languages, proper names and topics
546 ## - NOTA DE LENGUA/LENGUAJE
Nota de lengua/lenguaje inglés
650 ## - PUNTO DE ACCESO ADICIONAL DE MATERIA--TÉRMINO DE MATERIA
Término de materia o nombre geográfico como elemento inicial /LINGUISTICA/LINGUISTICA TIPOLOGICA; TIPOLOGIA/REVISADO//MAESTRIA/
942 ## - ELEMENTOS DE PUNTO DE ACCESO ADICIONAL (KOHA)
Tipo de ítem Koha MAESTRIA
Holdings
Estado de retiro Estado de pérdida Estado dañado No para préstamo Código de colección Localización permanente Ubicación/localización actual Ubicación en estantería Fecha de adquisición Número de inventario Total de préstamos Signatura topográfica completa Código de barras Fecha visto por última vez Precio válido a partir de Tipo de ítem Koha
        Maestria Biblioteca Ernesto Sabato - FADECS - UNCOMA Biblioteca Ernesto Sabato - FADECS - UNCOMA Maestria 20/02/2017 01407   417.9 C728l 01407 20/02/2017 20/02/2017 MAESTRIA
Facultad de Derecho y Ciencias Sociales | Universidad Nacional del Comahue | Mendoza y Perú General Roca | Río Negro CP (8332) | Patagonia Argentina | Teléfono: 54-0298-4433670 | | Fax: 0298-4432093 | Fax alumnos: 0298-4435700